LEADER 01010nam0-22003131i-450- 001 990006493840403321 005 20130405125527.0 035 $a000649384 035 $aFED01000649384 035 $a(Aleph)000649384FED01 035 $a000649384 100 $a20010426d--------km-y0itay50------ba 101 0 $aita 105 $ay-------001yy 200 1 $a<>Tsimahafotsy d'Ambohimanga$eOrganisation familiale et sociale en Imerina (Madagascar)$fAdolpheRazafintsalama 210 $aParis$cSELAF$d1981. 215 $a247 p. ill. 24 cm 225 1 $aest et du monde insulindien. Langues, cultures et societes de l'Ocean Indien$v6 225 1 $aLangues et civilisations de l'Asie du sud 676 $a306.8 700 1$aRazafintsalama,$bAdolphe$0244468 801 0$aIT$bUNINA$gRICA$2UNIMARC 901 $aBK 912 $a990006493840403321 952 $aXIV E 2848$b27642$fFSPBC 952 $aXIV E 3456$b13285$fFSPBC 959 $aFSPBC 996 $aTsimahafotsy d'Ambohimanga$9653657 997 $aUNINA LEADER 01414oam 2200397 c 450 001 9910508410003321 005 20230307213247.0 035 $a040877086-47bibsys_network 035 $a(NO-TrBIB)040877086 035 $a(EXLCZ)9919375377200041 100 $a20110106d2003 ||| 101 0 $aeng 135 $aur||||||||||| 200 14$aThe age of Torquemada$fJohn Edward Longhurst$b[elektronisk ressurs] 210 $a[S.l]$cAmerican Academy of Research Historians of Medieval Spain$d[2003?] 225 1 $aLIBRO: the library of Iberian resources online 300 $aElektronisk reproduksjon. Opprinnelig utgitt: Sandoval, N.M. : Coronado Press, 1962 300 $aGratis tilgang via internett (World Wide Web) 410 0$aLIBRO: the library of Iberian resources online 606 $aJews$xPersecutions$zSpain 606 $aInquisition$zSpain 606 $aJøder$2humord$3(NO-TrBIB)HUME00857 606 $aJødeforfølgelse$2humord$3(NO-TrBIB)HUME08730 606 $aInkvisisjonen$2humord$3(NO-TrBIB)HUME08729 607 $aSpania$2humord 608 $aNettdokumenter$2humord 615 0$aJews$xPersecutions 615 0$aInquisition 615 7$aJøder 615 7$aJødeforfølgelse 615 7$aInkvisisjonen 700 $aLonghurst$b John Edward$f1918-1983.$01319409 801 0$bNO-TrBIB 912 $a9910508410003321 996 $aThe age of Torquemada$93033892 997 $aUNINA